000 00472cam a2200193ua 4500
001 2008
005 20260515113431.0
008 110811n ii |||gr||||Z||||||eng
040 _cMAIN
082 _a370.15
100 _aMangal, S. K.,
_eAuthor.
245 1 _aEducational Psychology
_cby S. K. Mangal
250 _a1st.
260 _aLudhiana:
_bPrakash Brother,978.
300 _a512p:
_c23cm.
653 _aEducation
653 _aEducational Psychology
942 _cBK
999 _c1879
_d1879